000 00591nam a2200217Ia 4500
008 210210b2017 xxu||||| |||| 00| 0 eng d
020 _a978817391656X
041 _aeng
082 _a338.4791 SHAT
100 _aSHARMA (Shashi Prabha)
245 _aTourism education: principles, theories and practices
260 _aNew Delhi
_bKanishka Publishers & Distributors
_c2017
300 _axii,348
650 _aTourism
650 _atheories
650 _aprinciples,
650 _apractices
650 _aeducation:
690 _aSecondary Industries & Services
906 _a071913
999 _c121854
_d121854